[Event "Valasska Bystrice op"]
[Site "Valasska Bystrice"]
[Date "2023.09.10"]
[Round "2"]
[White "Romanek, Zdenek"]
[Black "Bajer, Jakub"]
[Result "0-1"]
[WhiteElo "1644"]
[BlackElo "1420"]
[PlyCount "42"]
[EventDate "2023.09.09"]
[EventType "swiss"]
[EventRounds "9"]
[EventCountry "CZE"]
[SourceTitle "EXT 2024"]
[Source "ChessBase"]
[SourceDate "2023.10.10"]
[SourceVersion "1"]
[SourceVersionDate "2023.10.10"]
[SourceQuality "1"]

1. d4 d5 2. c4 e6 3. Nf3 Nf6 4. e3 a6 5. c5 b6 6. Qc2 bxc5 7. dxc5 Ne4 8. b4 a5 9. Nfd2 axb4 10. Nxe4 dxe4 11. Nd2 Qd5 12. Nb3 Ba6 13. Bb2 Bd3 14. Qd2 Na6 15. Rc1 Nxc5 16. Nxc5 Bxc5 17. Bxg7 Rxa2 18. Qxa2 Qxa2 19. Bxh8 Bxf1 20. Kxf1 Qd2 21. Ra1 b3 0-1

[Event "Valasska Bystrice op"]
[Site "Valasska Bystrice"]
[Date "2023.09.09"]
[Round "1"]
[White "Karlik, Vladimir"]
[Black "Romanek, Zdenek"]
[Result "1-0"]
[WhiteElo "2100"]
[BlackElo "1644"]
[PlyCount "75"]
[EventDate "2023.09.09"]
[EventType "swiss"]
[EventRounds "9"]
[EventCountry "CZE"]
[SourceTitle "EXT 2024"]
[Source "ChessBase"]
[SourceDate "2023.10.10"]
[SourceVersion "1"]
[SourceVersionDate "2023.10.10"]
[SourceQuality "1"]

1. Nf3 e6 2. g3 c5 3. d3 d5 4. Bg2 Nf6 5. 0-0 Be7 6. Nbd2 b6 7. e4 Bb7 8. Qe2 0-0 9. e5 Nfd7 10. c3 Nc6 11. Re1 Ba6 12. Nf1 Rc8 13. h4 Re8 14. Bh3 Qc7 15. Bf4 Nf8 16. h5 b5 17. N1h2 b4 18. Ng4 Qb7 19. h6 g6 20. Bg5 Nd7 21. Bxe7 Nxe7 22. c4 Qc7 23. Nf6+ Nxf6 24. exf6 Nf5 25. cxd5 Qd8 26. g4 Nd4 27. Nxd4 cxd4 28. Qe5 Qxd5 29. Qxd5 exd5 30. g5 Rb8 31. Bf1 Kf8 32. Rac1 Rbc8 33. Rxc8 Bxc8 34. Rc1 Be6 35. Rc7 Ra8 36. Bg2 Ke8 37. Rb7 a5 38. Rb5 1-0

[Event "CZE-ch Betsys Online Blitz"]
[Site "Chess.com INT"]
[Date "2021.04.17"]
[Round "12"]
[White "Mrazek, Adam"]
[Black "Romanek, Zdenek"]
[Result "0-1"]
[WhiteElo "1296"]
[BlackElo "1624"]
[PlyCount "102"]
[EventDate "2021.04.17"]
[EventType "swiss (blitz)"]
[EventRounds "13"]
[EventCountry "CZE"]
[SourceTitle "CBM 201 Extra"]
[Source "ChessBase"]
[SourceDate "2021.05.31"]
[SourceVersion "1"]
[SourceVersionDate "2021.05.31"]
[SourceQuality "1"]

1. e4 e6 2. d4 d5 3. e5 c5 4. c3 Nc6 5. Nf3 Bd7 6. Be2 Qb6 7. Be3 cxd4 8. cxd4 Qxb2 9. Nbd2 Qb6 10. Rb1 Qc7 11. 0-0 Nge7 12. Qb3 Rb8 13. Bb5 Nf5 14. Bxc6 Bxc6 15. Rfc1 Nxe3 16. fxe3 Be7 17. Rc3 0-0 18. Qc2 Rfc8 19. Nb3 f6 20. Nc5 Bxc5 21. Rxc5 Qd7 22. Qb3 h6 23. Rbc1 Kf7 24. Ra5 a6 25. Qb6 Qc7 26. Qxc7+ Rxc7 27. Rac5 Rbc8 28. Kf2 f5 29. Nh4 g5 30. Nf3 Kg6 31. h4 g4 32. Nd2 h5 33. g3 Kf7 34. Nb3 Ke7 35. Na5 Kd7 36. Nxc6 Rxc6 37. Rxc6 Rxc6 38. Rxc6 Kxc6 39. Ke2 Kb5 40. Kd3 Kb4 41. e4 fxe4+ 42. Ke3 Ka3 43. Kf4 Kxa2 44. Kg5 e3 45. Kf6 e2 46. Kxe6 e1Q 47. Kf7 b5 48. e6 b4 49. e7 b3 50. e8Q Qxe8+ 51. Kxe8 b2 0-1

[Event "Valasska Bystrice op 11th"]
[Site "Valasska Bystrice"]
[Date "2019.09.08"]
[Round "3"]
[White "Romanek, Zdenek"]
[Black "Vavrova, Jaroslava"]
[Result "1-0"]
[WhiteElo "1580"]
[BlackElo "1377"]
[PlyCount "59"]
[EventDate "2019.09.07"]
[EventType "swiss"]
[EventRounds "9"]
[EventCountry "CZE"]
[SourceTitle "EXT 2020"]
[Source "ChessBase"]
[SourceDate "2019.10.17"]
[SourceVersion "1"]
[SourceVersionDate "2019.10.17"]
[SourceQuality "1"]

1. d4 d5 2. c4 dxc4 3. e3 Be6 4. Nc3 Nf6 5. Nf3 g6 6. Ng5 Qd7 7. Nxe6 Qxe6 8. Qa4+ Nbd7 9. Bxc4 Qf5 10. 0-0 c6 11. Qb3 Nb6 12. Bxf7+ Kd8 13. Be6 Qh5 14. f3 Kc7 15. e4 Rd8 16. Bf4+ Rd6 17. Bxd6+ exd6 18. Bh3 d5 19. e5 Ne8 20. Rfe1 Qg5 21. Na4 h5 22. Nxb6 axb6 23. Rac1 Ng7 24. Qxd5 Nf5 25. Qf7+ Be7 26. d5 Rf8 27. d6+ Nxd6 28. exd6+ Kxd6 29. Rcd1+ Kc5 30. Qxe7+ 1-0

[Event "Valasska Bystrice op"]
[Site "Valasska Bystrice"]
[Date "2016.09.16"]
[Round "8"]
[White "Smutek, Vladimir"]
[Black "Romanek, Zdenek"]
[Result "1-0"]
[WhiteElo "1656"]
[BlackElo "1593"]
[PlyCount "109"]
[EventDate "2016.09.10"]
[EventType "swiss"]
[EventRounds "9"]
[EventCountry "CZE"]
[SourceTitle "CBM 174 Extra"]
[Source "ChessBase"]
[SourceDate "2016.10.10"]
[SourceVersion "1"]
[SourceVersionDate "2016.10.10"]
[SourceQuality "1"]

1. e4 e6 2. Nf3 d5 3. exd5 exd5 4. d4 Nf6 5. Be3 Bd6 6. Bd3 0-0 7. 0-0 Re8 8. c3 Nbd7 9. Qc2 c6 10. Nbd2 h6 11. Rae1 Ng4 12. h3 Nxe3 13. fxe3 Nf6 14. e4 Bg3 15. Re2 Nh5 16. Rd1 Nf4 17. Re3 Nxd3 18. Qxd3 Bd7 19. e5 Re6 20. Ng5 Rg6 21. Nxf7 Qh4 22. Qxg6 Bf2+ 23. Kh1 Bxe3 24. Nf3 Qf2 25. e6 Be8 26. Qb1 Qg3 27. Rf1 Bf4 28. Qe1 Rc8 29. Qxg3 Bxg3 30. N3e5 Rc7 31. Rf3 Bh4 32. g4 Bf6 33. Re3 Kh7 34. Kg2 Re7 35. Nd6 Rxe6 36. Nxe8 Rxe8 37. Kf3 Bg5 38. Re2 Rf8+ 39. Kg2 Rf4 40. Nf3 Re4 41. Rxe4 dxe4 42. Nxg5+ hxg5 43. Kf2 Kg6 44. Ke3 Kf6 45. Kxe4 Ke6 46. c4 g6 47. b4 Kd6 48. a4 a6 49. a5 Ke6 50. c5 Kf6 51. d5 Ke7 52. d6+ Ke6 53. Kd4 Kf6 54. d7 Ke7 55. Ke5 1-0

[Event "Brno op 5th"]
[Site "Brno"]
[Date "2014.11.21"]
[Round "8"]
[White "Tajovsky, Matej"]
[Black "Romanek, Zdenek"]
[Result "1-0"]
[WhiteElo "1429"]
[BlackElo "1648"]
[PlyCount "73"]
[EventDate "2014.11.15"]
[EventType "swiss"]
[EventRounds "9"]
[EventCountry "CZE"]
[SourceTitle "CBM 163 Extra"]
[Source "ChessBase"]
[SourceDate "2014.12.23"]
[SourceVersion "1"]
[SourceVersionDate "2014.12.23"]
[SourceQuality "1"]

1. e4 e6 2. d4 d5 3. exd5 exd5 4. Bd3 Nc6 5. c3 Bd6 6. Ne2 Nge7 7. 0-0 0-0 8. Bf4 Bf5 9. Qc2 Bxd3 10. Qxd3 Ng6 11. Bg3 Qd7 12. Nd2 Nce7 13. Nf3 f5 14. Ne5 Bxe5 15. Bxe5 Nxe5 16. dxe5 f4 17. Nd4 c5 18. Nf3 Ng6 19. Rfe1 Rae8 20. Rad1 Rd8 21. Re2 Qe6 22. Rde1 Rf5 23. b4 b6 24. h4 Rh5 25. Ng5 Qg4 26. e6 Qxh4 27. Nh3 Ne7 28. Qf3 g5 29. Re5 h6 30. c4 dxc4 31. Rd1 Rd4 32. Rxd4 cxd4 33. Qa8+ Kg7 34. Qe8 Kf6 35. Re1 Kg7 36. Qxe7+ Kh8 37. Qf6+ 1-0

[Event "Brno op 5th"]
[Site "Brno"]
[Date "2014.11.16"]
[Round "2"]
[White "Romanek, Zdenek"]
[Black "Zemlicka, Vit"]
[Result "1/2-1/2"]
[WhiteElo "1648"]
[BlackElo "1899"]
[PlyCount "107"]
[EventDate "2014.11.15"]
[EventType "swiss"]
[EventRounds "9"]
[EventCountry "CZE"]
[SourceTitle "CBM 163 Extra"]
[Source "ChessBase"]
[SourceDate "2014.12.23"]
[SourceVersion "1"]
[SourceVersionDate "2014.12.23"]
[SourceQuality "1"]

1. d4 Nf6 2. c4 g6 3. Nc3 Bg7 4. e4 d6 5. Bd3 0-0 6. Nge2 e5 7. d5 a5 8. b3 Na6 9. a3 Nh5 10. 0-0 f5 11. f3 f4 12. Ra2 Nc5 13. Bc2 g5 14. g4 fxg3 15. Nxg3 Nf4 16. Be3 b6 17. Bb1 Rf7 18. Kh1 Kh8 19. Rg1 Nh3 20. Rf1 Nd7 21. Nf5 Nf8 22. Rg2 Ng6 23. Qe1 h6 24. a4 Ne7 25. Rg3 Nxf5 26. exf5 Nf4 27. Bxf4 exf4 28. Rh3 Bxf5 29. Bxf5 Rxf5 30. Rg1 Kh7 31. Ne4 Re5 32. Qb1 Kg8 33. Qd3 Qd7 34. Rxh6 Rxe4 35. Rxg5 Qe7 36. Rhh5 Re1+ 37. Kg2 Qe2+ 38. Qxe2 Rxe2+ 39. Kh3 Re3 40. Kg4 Rf8 41. Rh6 Rxb3 42. Re6 Re3 43. Rgg6 Kh7 44. h4 Re8 45. Kxf4 R3xe6 46. Rxe6 Rxe6 47. dxe6 Kg6 48. Ke4 Bf6 49. h5+ Kxh5 50. Kd5 Kg5 51. Kc6 Kf5 52. Kd7 Ke5 53. e7 Bxe7 54. Kxe7 1/2-1/2

[Event "Valasska Bystrice op"]
[Site "Valasska Bystrice"]
[Date "2014.09.15"]
[Round "4"]
[White "Kalvas, Jaroslav"]
[Black "Romanek, Zdenek"]
[Result "0-1"]
[WhiteElo "1482"]
[BlackElo "1655"]
[PlyCount "142"]
[EventDate "2014.09.13"]
[EventType "swiss"]
[EventRounds "9"]
[EventCountry "CZE"]
[SourceTitle "CBM 162 Extra"]
[Source "ChessBase"]
[SourceDate "2014.10.17"]
[SourceVersion "1"]
[SourceVersionDate "2014.10.17"]
[SourceQuality "1"]

1. c4 Nf6 2. Nc3 e6 3. e3 d5 4. cxd5 exd5 5. Be2 c6 6. Nf3 Bd6 7. d4 Bf5 8. Ne5 h6 9. Bd3 Be6 10. 0-0 Nbd7 11. f4 Nb6 12. b3 Rc8 13. a4 Rc7 14. f5 Bd7 15. Ba3 c5 16. Nxd7 Qxd7 17. Bb5 Rc6 18. Bxc6 Qxc6 19. Nb5 Ne4 20. Rc1 Nd7 21. Nxd6+ Qxd6 22. dxc5 Qc6 23. b4 a6 24. Bb2 0-0 25. Qd4 Ndf6 26. Ra1 Qc7 27. b5 a5 28. Rfc1 Re8 29. Qd1 h5 30. Qf3 Ng4 31. Qf4 Qc8 32. h3 Ngf2 33. Qf3 Nd3 34. Rc2 Nxb2 35. Rxb2 Qxc5 36. Qe2 Ng3 37. Qf2 Ne4 38. Rc2 Qb4 39. Qe1 Qb3 40. Qc1 Ng3 41. Ra3 Qb4 42. f6 gxf6 43. Ra1 h4 44. Qb2 Qe4 45. Re1 Re5 46. Rf2 Kg7 47. Qd2 Qxa4 48. b6 Ne4 49. Qa2 Qb4 50. Rff1 Qxb6 51. Rf4 Rh5 52. Qe2 Kh6 53. Qg4 Qd8 54. Rf5 Rxf5 55. Qxf5 Qd6 56. Qc8 Qg3 57. Qh8+ Kg6 58. Rf1 Qxe3+ 59. Kh2 Qh6 60. Qc8 b6 61. Qf5+ Kg7 62. Qg4+ Qg5 63. Qd1 Nd2 64. Re1 Qg3+ 65. Kh1 Ne4 66. Qe2 Nf2+ 67. Kg1 Nxh3+ 68. Kh1 Nf4 69. Qf1 Kh6 70. Qg1 h3 71. gxh3 Qf3+ 0-1

[Event "Ostrava Konik op"]
[Site "Ostrava"]
[Date "2014.05.04"]
[Round "9"]
[White "Mica, Marek"]
[Black "Romanek, Zdenek"]
[Result "1-0"]
[WhiteElo "1369"]
[BlackElo "1671"]
[PlyCount "57"]
[EventDate "2014.04.26"]
[EventType "swiss"]
[EventRounds "9"]
[EventCountry "CZE"]
[SourceTitle "CBM 160 Extra"]
[Source "ChessBase"]
[SourceDate "2014.07.01"]
[SourceVersion "1"]
[SourceVersionDate "2014.07.01"]
[SourceQuality "1"]

1. d4 d5 2. c4 e6 3. Nc3 Nf6 4. Nf3 Be7 5. Bg5 0-0 6. e3 c6 7. Bd3 dxc4 8. Bxc4 b5 9. Bd3 Ba6 10. a3 b4 11. axb4 Bxd3 12. Qxd3 Bxb4 13. 0-0 c5 14. Qc4 Nbd7 15. dxc5 Bxc5 16. Rfd1 Qc8 17. Ra5 Bb6 18. Qxc8 Rfxc8 19. Raa1 Rc6 20. Nd4 Rc5 21. Bxf6 Nxf6 22. Na4 Rcc8 23. Nxb6 axb6 24. g3 Rab8 25. Rdc1 h5 26. Nc6 Kh7 27. Nxb8 Rxb8 28. Rc7 Rf8 29. Rb7 1-0

[Event "Ostrava Konik op"]
[Site "Ostrava"]
[Date "2014.04.28"]
[Round "3"]
[White "Gemsova, Tereza"]
[Black "Romanek, Zdenek"]
[Result "0-1"]
[WhiteElo "1272"]
[BlackElo "1671"]
[PlyCount "106"]
[EventDate "2014.04.26"]
[EventType "swiss"]
[EventRounds "9"]
[EventCountry "CZE"]
[SourceTitle "CBM 160 Extra"]
[Source "ChessBase"]
[SourceDate "2014.07.01"]
[SourceVersion "1"]
[SourceVersionDate "2014.07.01"]
[SourceQuality "1"]

1. e4 e6 2. d4 d5 3. e5 c5 4. c3 Nc6 5. Nf3 Bd7 6. Be3 Qb6 7. Qc2 cxd4 8. cxd4 Rc8 9. Nc3 Nge7 10. g3 Nf5 11. Qd2 Nxe3 12. fxe3 Be7 13. Bg2 Qa6 14. Qe2 Qxe2+ 15. Nxe2 Nb4 16. 0-0 Bb5 17. Rf2 Nd3 18. Rff1 Nxb2 19. Rfe1 0-0 20. a3 Rc2 21. Nf4 Rfc8 22. Reb1 Ba6 23. Ne1 Rd2 24. Nf3 Rxg2+ 25. Nxg2 Nc4 26. a4 g5 27. Rc1 Rc6 28. h3 h5 29. g4 h4 30. Nge1 Kg7 31. Kf2 Kg6 32. Rc2 Rb6 33. Nd3 Rb3 34. Nfe1 b6 35. Rac1 Ba3 36. Rc3 Bxc1 37. Rxb3 Bxe3+ 38. Kg2 Bxd4 39. Nc2 Bxe5 40. Nxe5+ Nxe5 41. Nd4 Bc4 42. Rb2 Nd3 43. Rb1 Nc5 44. Ra1 e5 45. Nc6 f6 46. Nxa7 Bb3 47. a5 bxa5 48. Rxa5 Ne6 49. Kf3 Nc7 50. Nb5 e4+ 51. Ke2 Nxb5 52. Rxb5 Bc4+ 53. Ke3 Bxb5 0-1

[Event "Valasska Bystrice op"]
[Site "Valasska Bystrice"]
[Date "2013.09.13"]
[Round "8"]
[White "Klima, Martin"]
[Black "Romanek, Zdenek"]
[Result "1/2-1/2"]
[WhiteElo "1640"]
[BlackElo "1662"]
[PlyCount "129"]
[EventDate "2013.09.07"]
[EventType "swiss"]
[EventRounds "9"]
[EventCountry "CZE"]
[SourceTitle "CBM 156 Extra"]
[Source "ChessBase"]
[SourceDate "2013.10.22"]
[SourceVersion "1"]
[SourceVersionDate "2013.10.22"]
[SourceQuality "1"]

1. c4 Nf6 2. Nf3 c6 3. Nc3 d5 4. e3 e6 5. b3 Be7 6. Be2 0-0 7. 0-0 Nbd7 8. d4 b6 9. Bb2 Bb7 10. Rc1 c5 11. Re1 Rc8 12. h3 Bd6 13. Nb5 Bb8 14. Bd3 a6 15. Na3 Re8 16. cxd5 exd5 17. Bf5 g6 18. Bxd7 Nxd7 19. dxc5 bxc5 20. Nb1 Ne5 21. Nxe5 Bxe5 22. Bxe5 Rxe5 23. Nd2 Qe7 24. Nf3 Re6 25. Rc2 Re8 26. b4 cxb4 27. Nd4 Rb6 28. Qc1 Qf6 29. Qd2 Re5 30. Nf3 Rh5 31. Qd4 Qxd4 32. Nxd4 a5 33. Rb1 Ba6 34. Rc6 Rxc6 35. Nxc6 Be2 36. Rb2 Ba6 37. Nd4 Bc4 38. Nc6 Ba6 39. Nd4 Rh4 40. f3 g5 41. Kf2 Rh6 42. Rc2 a4 43. Nf5 Re6 44. Rb2 b3 45. axb3 Rb6 46. Ne7+ Kg7 47. Nxd5 Rxb3 48. Rxb3 axb3 49. Nc3 Kf6 50. Na4 Ke5 51. Nb2 Kd5 52. Ke1 Kc5 53. g3 Kb4 54. Kd2 h5 55. h4 f6 56. hxg5 fxg5 57. f4 g4 58. e4 Bc8 59. f5 h4 60. f6 Be6 61. gxh4 g3 62. Ke1 Kc3 63. Nd1+ Kd4 64. h5 Kxe4 65. h6 1/2-1/2

[Event "Brno op 3rd"]
[Site "Brno"]
[Date "2012.11.11"]
[Round "2"]
[White "Ingason, Sigurdur"]
[Black "Romanek, Zdenek"]
[Result "1-0"]
[WhiteElo "1883"]
[BlackElo "1671"]
[PlyCount "51"]
[EventDate "2012.11.10"]
[EventType "swiss"]
[EventRounds "9"]
[EventCountry "CZE"]
[SourceTitle "CBM 151 Extra"]
[Source "ChessBase"]
[SourceDate "2012.12.18"]
[SourceVersion "1"]
[SourceVersionDate "2012.12.18"]
[SourceQuality "1"]

1. d4 d5 2. Nf3 Nf6 3. e3 e6 4. Bd3 c5 5. b3 cxd4 6. exd4 Bd6 7. Nbd2 0-0 8. 0-0 b6 9. Bb2 Ba6 10. c4 Nbd7 11. Re1 Re8 12. Ne5 Bb7 13. Qe2 Rc8 14. Rac1 Bb8 15. Nf1 Nf8 16. c5 Bxe5 17. dxe5 N6d7 18. cxb6 axb6 19. Nd2 Ra8 20. a4 Nc5 21. Bb5 Re7 22. Bd4 Rc7 23. Rc3 Qc8 24. Rec1 Na6 25. Rxc7 Nxc7 26. Bxb6 1-0

[Event "Ostrava Konik op-B"]
[Site "Ostrava"]
[Date "2012.05.01"]
[Round "4"]
[White "Tylecek, Drahomir"]
[Black "Romanek, Zdenek"]
[Result "1-0"]
[WhiteElo "1929"]
[BlackElo "1695"]
[PlyCount "39"]
[EventDate "2012.04.28"]
[EventType "swiss"]
[EventRounds "9"]
[EventCountry "CZE"]
[SourceTitle "CBM 148 Extra"]
[Source "ChessBase"]
[SourceDate "2012.06.22"]
[SourceVersion "1"]
[SourceVersionDate "2012.06.22"]
[SourceQuality "1"]

1. e4 c5 2. Nf3 d6 3. d4 cxd4 4. Nxd4 Nf6 5. Nc3 a6 6. Bg5 e5 7. Nb3 Be7 8. f3 Be6 9. Qd2 Nbd7 10. 0-0-0 Rc8 11. g4 0-0 12. h4 Rc6 13. h5 Rxc3 14. bxc3 Nc5 15. Nxc5 dxc5 16. Qxd8 Bxd8 17. h6 Nxe4 18. Bxd8 Nf2 19. hxg7 Kxg7 20. Bg2 1-0

[Event "Ostrava Konik op-B"]
[Site "Ostrava"]
[Date "2012.04.29"]
[Round "2"]
[White "Brazina, David"]
[Black "Romanek, Zdenek"]
[Result "1-0"]
[WhiteElo "1936"]
[BlackElo "1695"]
[PlyCount "117"]
[EventDate "2012.04.28"]
[EventType "swiss"]
[EventRounds "9"]
[EventCountry "CZE"]
[SourceTitle "CBM 148 Extra"]
[Source "ChessBase"]
[SourceDate "2012.06.22"]
[SourceVersion "1"]
[SourceVersionDate "2012.06.22"]
[SourceQuality "1"]

1. e4 c5 2. Nf3 Nc6 3. Nc3 d6 4. d4 cxd4 5. Nxd4 a6 6. Be3 Nf6 7. f3 e6 8. Be2 Be7 9. 0-0 0-0 10. Qd2 e5 11. Nf5 Bxf5 12. exf5 d5 13. Bf2 Rc8 14. Rad1 d4 15. Ne4 Qd7 16. Nxf6+ Bxf6 17. Bd3 Ne7 18. g4 g5 19. fxg6 fxg6 20. c4 Bg7 21. Bg3 Nc6 22. Be4 Ne7 23. b3 b5 24. Rc1 bxc4 25. bxc4 Rc5 26. Bh4 Nc6 27. Bd5+ Rxd5 28. cxd5 Qxd5 29. Qd3 Nb4 30. Qc4 Qxc4 31. Rxc4 Nd5 32. Bg5 h6 33. Bd2 g5 34. Rc6 Rf6 35. Rxf6 Nxf6 36. Rc1 e4 37. fxe4 Nxg4 38. Bb4 Be5 39. h3 Nf6 40. Rc5 Bf4 41. e5 Ne8 42. e6 Bd6 43. Rc8 Bxb4 44. Rxe8+ Kg7 45. e7 Kf7 46. Ra8 Kxe7 47. Rxa6 d3 48. Kf2 h5 49. Ke3 d2 50. Ke2 g4 51. hxg4 hxg4 52. Ra4 Bc3 53. Rxg4 Kd6 54. Rc4 Ba5 55. Kd1 Kd5 56. Rc8 Kd4 57. a4 Kd3 58. Rc5 Bc3 59. Rxc3+ 1-0